| 000 | 00708nam a22002057a 4500 | ||
|---|---|---|---|
| 999 |
_c11413 _d11413 |
||
| 003 | AR-CdUCM | ||
| 008 | 190329b ||||| |||| 00| 0 spa d | ||
| 040 |
_aMUNICIPALIDAD PROVINCIAL DEL CUSCO _cBIBLIOTECA MUNICIPAL DEL CUSCO |
||
| 082 |
_aC / 869.56 / _bM86 / 1941 |
||
| 100 |
_aMore, Federico _924430 |
||
| 245 | _aProsas de la luna y del mar / | ||
| 260 |
_aLima : _bEditora peruana S. A, _c1941. |
||
| 300 |
_a93 paginas ; _c22 cm. |
||
| 505 | _aContenido : Falsa caratula -- Pie de imprenta -- Caratula -- Dedicatoria -- Prosa liminar -- Envió -- Al dorso de un retrato ... | ||
| 650 |
_aLiteratura _983 |
||
| 650 |
_aHistoria _9136 |
||
| 650 |
_aPerú _935 |
||
| 942 |
_2ddc _cLIBROS |
||
| 945 | _arah | ||